First generation TMS320 user's guide /

Saved in:
Bibliographic Details
Corporate Author: Texas Instruments Incorporated
Format: Book
Language:English
Published: [Houston, Tx] : Englewood Cliffs, N.J. : Texas Instruments ; Prentice-Hall, c1988.
Series:Prentice Hall and Texas Instruments digital signal processing series.
Subjects:
LEADER 01143nam a2200265 a 4500
001 c000180003
003 CARM
005 19880811000000.0
008 871120s1988 txua f 001 0 eng
019 1 |a 5645569  |z 6943914  |5 LACONCORD2021 
020 |a 0133190544 
035 |a (OCoLC)17200071  |5 LACONCORD2021 
040 |a LC  |b eng  |c LC  |d LC 
050 0 0 |a TK7895.M5  |b F57 1988 
082 0 4 |a 004.165  |2 19 
245 0 0 |a First generation TMS320 user's guide /  |c TI Digital Signal Processing Engineering staff. 
260 |a [Houston, Tx] :  |b Texas Instruments ;  |a Englewood Cliffs, N.J. :  |b Prentice-Hall,  |c c1988. 
300 |a 1 v. (various pagings) :  |b ill. ;  |c 24 cm. 
440 0 |a Prentice Hall and Texas Instruments digital signal processing series. 
500 |a Includes index. 
650 0 |a Texas Instruments TMS320 series microprocessors  |x Handbooks, manuals, etc. 
710 2 |a Texas Instruments Incorporated. 
852 8 |b CARM  |h A2:AK22C0  |i C06386  |p 0242147  |f BK 
999 f f |i df5614dd-de01-5ed3-a029-8cfd36559c77  |s e2e794eb-fadc-5127-a2a3-03d94ba832c1 
952 f f |p Can circulate  |a CAVAL  |b CAVAL  |c CAVAL  |d CARM 1 Store  |e C06386  |f A2:AK22C0  |h Other scheme  |i book  |m 0242147